Cabins : (Registro nro. 7409)
[ vista simple ]
| 000 -LEADER | |
|---|---|
| fixed length control field | 02326nam a22002657a 4500 |
| 003 - CONTROL NUMBER IDENTIFIER | |
| control field | OSt |
| 005 - DATE AND TIME OF LATEST TRANSACTION | |
| control field | 20210302134824.0 |
| 008 - FIXED-LENGTH DATA ELEMENTS--GENERAL INFORMATION | |
| fixed length control field | 210302s2014 cc aoe|gr|||| 00| 0 spa d |
| 020 ## - INTERNATIONAL STANDARD BOOK NUMBER | |
| International Standard Book Number | 9783836550277 |
| 040 ## - CATALOGING SOURCE | |
| Original cataloging agency | CO-JMCR |
| Transcribing agency | CO-JMCR |
| 041 0# - LANGUAGE CODE | |
| Language code of text/sound track or separate title | spa |
| Language code of original | eng |
| 082 04 - DEWEY DECIMAL CLASSIFICATION NUMBER | |
| Classification number | 728.73 / |
| Item number | J63c |
| Edition number | 23 |
| 100 1# - MAIN ENTRY--PERSONAL NAME | |
| Personal name | Jodidio, Philip, |
| Relator term | autor |
| 9 (RLIN) | 13500 |
| 245 10 - TITLE STATEMENT | |
| Title | Cabins : |
| Remainder of title | cabañas, capanne, cabanas / |
| Statement of responsibility, etc. | Philip Jodido ; ilustraciones de Cruschiform ; traducción, Carlos Lacasa |
| 260 ## - PUBLICATION, DISTRIBUTION, ETC. | |
| Place of publication, distribution, etc. | China : |
| Name of publisher, distributor, etc. | Taschen, |
| Date of publication, distribution, etc. | 2014 |
| 300 ## - PHYSICAL DESCRIPTION | |
| Extent | 463 páginas : |
| Other physical details | ilustraciones, fotografías y planos en blanco y negro ; |
| Dimensions | 32 cm. |
| 505 ## - FORMATTED CONTENTS NOTE | |
| Formatted contents note | Alpine cabin -- Boathouse -- Bowen Montain residence -- Cabanas no rio hut -- Cabin 4:12 -- Cabin GJ-9 -- Cabin on flathead lake -- Clavo lain renovation -- Clearlake it cabin -- Container guesthouse -- Dinae middlebrook studios -- Diogene -- Dovecote studio -- Dragonfly -- Drop eco-hotel -- Estate Bungalow -- Extension VB4 -- Flake hause -- Foster loop cabin -- Four-corned villa -- Fragile Shelter -- Franke-mirzian Bunkhouse -- Garoza house -- Green box -- Guesthouse -- House ARC -- Hustadvika tools -- hypercubus -- Island house -- juvert Landscape hotel -- Lake house -- Leaprus 3912 -- Lofcube -- Logen-schloeder winery -- Methow cabin -- Monk´s cabin -- Morerava Cottages -- Mountain cabin -- Nido -- outlandia Fieldstation -- passage house -- River structures -- Salt spring island cabin -- Shelter bygg -- Sneeoosh cabin -- St. Albans residence -- Storkhouse -- Summer house -- Sunset cabin -- Sustainable cabin -- Tau-nuss tree house -- The biathouse -- Tree house on hood canal -- Tree huts in Paris -- Tree snake houses -- Trunk house -- Tye river cabin -- Vardehaugen cabin -- Welcome bridge -- Wintergreen cabin Zig zag cabin |
| 520 0# - SUMMARY, ETC. | |
| Summary, etc. | Con magnificas fotografías e ilustraciones contemporáneas a todo color de Marie-Laure Crushi, esta selección internacional de su santuario rústico es a un tiempo un escaparate de innovación arquitectónica respetuosa con el medio ambiente y una inspiración para vivir de manera menos agresiva para el entorno. |
| 650 14 - SUBJECT ADDED ENTRY--TOPICAL TERM | |
| Topical term or geographic name entry element | Casas de vacaciones |
| 9 (RLIN) | 14242 |
| 650 24 - SUBJECT ADDED ENTRY--TOPICAL TERM | |
| Topical term or geographic name entry element | Chozas |
| 9 (RLIN) | 14243 |
| 650 24 - SUBJECT ADDED ENTRY--TOPICAL TERM | |
| Topical term or geographic name entry element | Casas pequeñas |
| 9 (RLIN) | 14244 |
| 700 1# - ADDED ENTRY--PERSONAL NAME | |
| Personal name | Cruschiform, |
| Relator term | ilustrador |
| 9 (RLIN) | 14245 |
| 700 1# - ADDED ENTRY--PERSONAL NAME | |
| Personal name | Lacasa, Carlos, |
| Relator term | traductor |
| 9 (RLIN) | 14246 |
| 942 ## - ADDED ENTRY ELEMENTS (KOHA) | |
| Source of classification or shelving scheme | Dewey Decimal Classification |
| Koha item type | Books |
| Withdrawn status | Lost status | Source of classification or shelving scheme | Damaged status | Not for loan | Home library | Current library | Shelving location | Date acquired | Source of acquisition | Total Checkouts | Full call number | Barcode | Date last seen | Date last checked out | Copy number | Price effective from | Koha item type |
|---|---|---|---|---|---|---|---|---|---|---|---|---|---|---|---|---|---|
| Dewey Decimal Classification | Biblioteca Pública José María del Castillo y Rada | Biblioteca Pública José María del Castillo y Rada | General Stacks | 02/25/2021 | Donación | 5 | 728.73 / J63c | 201810633 | 02/17/2026 | 02/16/2026 | Ej.1 | 02/25/2021 | Books |